000 00570nam a2200217Ia 4500
003 OSt
005 20220918191944.0
006 a|||||r|||| 00| 0
007 ta
008 220917b |||||||| |||| 00| 0 eng d
024 _a66,133
037 _cTextual
040 _aARTS
_cARTS
_beng
041 _2eng
_aeng
082 _aR2, L72
100 _aVerma Ved Prakash
_977841
245 0 _aIdea of ideas
_b the law of synoptic view
260 _adelhi
_bB R Pub Corp.
_c1977
942 _hR2, L72
_cTEXL
_2CC
999 _c192367
_d192367